Every Zone 1 Tower - Statistics

General Stats
  • This quiz has been taken 6 times
  • The average score is 12 of 16
Answer Stats
Difficulty Tower % Correct
Remorseless Citadel of {Peril}
100%
Hard Tower of {Mirrored Hecc}
100%
Hard Tower of {Peace}
100%
Easy Tower of {Peaceful Happiness and Tranquility}
100%
Insane Tower of {Thinning Layers}
100%
Remorseless Tower of {Zespluz}
100%
Challenging Tower of {Absolute Vexation}
67%
Medium Tower of {Atlantic Depths}
67%
Difficult Tower of {Contractual Obligations}
67%
Remorseless Tower of {Extreme Dystopia}
67%
Hard Tower of {Hands Sweating}
67%
Remorseless Tower of {Really Nasty Ideas}
67%
Challenging Tower of {Wanting Extra Levels}
67%
Easy Tower of {Zero Disturbances}
67%
Intense Tower of {Ultimately Terrifying}
33%
Difficult Tower of {Yearning Success}
33%
No matching quizzes found
Score Distribution
Percent of People with Each Score
Percentile by Number Answered
Your Score History
You have not taken this quiz